| 000 | 00434nam a22001697a 4500 | ||
|---|---|---|---|
| 005 | 20250327155927.0 | ||
| 008 | 250327b |||||||| |||| 00| 0 eng d | ||
| 020 | _a9789356409347 | ||
| 041 | _aeng | ||
| 082 | _a364.15 AHM | ||
| 100 | _aAhmed, Salma | ||
| 245 | _aCases Unveiled: A Multifaceted Compilation | ||
| 260 |
_aNew Dehli _bBloomsbury _c2024 |
||
| 300 | _a245;. pages: 22 cm | ||
| 650 | _aCriminal Methods | ||
| 942 | _cBK | ||
| 999 |
_c43452 _d43452 |
||